| 000 | 00911nam0a22002771 4500 | ||
|---|---|---|---|
| 001 | RU\NLR\INFOCOMM\LIB\12374 | ||
| 005 | 20250617205019.0 | ||
| 010 |
_bnid. _91000 |
||
| 035 | _a(NLR Aleph) 004282441 | ||
| 090 |
_a2366369 _c2366369 |
||
| 100 | _a20011224d1985 |||y0rusy50 ca | ||
| 101 | 1 |
_afin _crus |
|
| 102 | _aRU | ||
| 105 | _ay ||||000ay | ||
| 200 | 1 |
_aSanaisilta saroilta _eLaulusuomennoksia _f[Suom.] Vieno Levänen |
|
| 210 |
_aPetroskoi _cKarjala _d1985 |
||
| 215 |
_a70 с. _d17 см |
||
| 300 | _aВ вып. дан.: Слов моих поле. Сб. песен / Виено Абелевна Левянен | ||
| 300 | _aСреди авт.: M. Matusovski, M. Isakovski, S. Mihalkov, S. Maršak | ||
| 702 | 1 |
_aLevänen _bV. _gVieno _4440 |
|
| 801 | 1 |
_aRU _bInfoComm _c20011224 |
|
| 801 | 0 |
_aRU _bNLR _gPSBO _c19860327 |
|
| 852 |
_aNLR _bН _jФин/2-8732 |
||
| 942 | _cBOOK | ||
| 980 | _aNB | ||